La vie des huitres /

Bibliographic Details
Main Author: Ranson, Gilbert, 1899-
Format: Book
Language:French
Published: [Paris] : Gallimard, [1943]
Series:Découvertes Gallimard. Histoires naturelles.
Subjects:

MARC

Tag First Indicator Second Indicator Subfields
LEADER 00000cam a2200000 4500
001 in00000048714
005 20151007073620.0
008 800610s1943 fr f b 00010 freec
010 |a af 47001341  
035 |a (OCoLC)06404112 
035 |9 AAF0035AM 
040 |a Harvard univ. Library  |c TXA  |d UtOrBLW 
049 |a TXAM  |c [211302] 
050 0 |a QL430.7.O9  |b R3 
082 0 |a 594.1 
092 |a 594.1  |b R212v 
100 1 |a Ranson, Gilbert,  |d 1899- 
245 1 3 |a La vie des huitres /  |c par G. Ranson. 
264 1 |a [Paris] :  |b Gallimard,  |c [1943] 
300 |a 2 pages ., [7]-260 pages, 2 :  |b XIX plate (part color) on 10 . ;  |c 19 cm. 
336 |a text  |b txt  |2 rdacontent 
337 |a unmediated  |b n  |2 rdamedia 
338 |a volume  |b nc  |2 rdacarrier 
490 1 |a Histoires naturelles 
504 |a "Bibliographie": pages [257]-258. 
650 0 |a Oysters. 
830 0 |a Découvertes Gallimard.  |p Histoires naturelles. 
999 |a MARS 
999 f f |s 6284ab4d-bc2d-3bda-8fa5-2f89b6a230ec  |i f1175f8f-254c-35e5-94bf-295b0d38c879  |t 0 
952 f f |p ric  |a Texas A&M University  |b Rellis Campus  |c Joint Library Facility  |d Remote Storage  |t 0  |e QL430.7.O9 R3  |h Library of Congress classification  |i unmediated -- volume  |m A14801011077 
998 f f |a QL430.7.O9 R3  |t 0  |l Remote Storage